मी भयंकराच्या दरवाजात उभा आहे ! (Record no. 111674)

MARC details
000 -LEADER
fixed length control field 00719nam a2200181Ia 4500
008 - FIXED-LENGTH DATA ELEMENTS--GENERAL INFORMATION
fixed length control field 090124s9999 xx 000 0 und d
082 ## - DEWEY DECIMAL CLASSIFICATION NUMBER
Item number 45466
100 ## - MAIN ENTRY--PERSONAL NAME
Personal name ढसाळ नामदेव लक्ष्मण
245 ## - TITLE STATEMENT
Title मी भयंकराच्या दरवाजात उभा आहे !
250 ## - EDITION STATEMENT
Edition statement 1
260 ## - PUBLICATION, DISTRIBUTION, ETC. (IMPRINT)
Date of publication, distribution, etc 2007
300 ## - PHYSICAL DESCRIPTION
Extent 324
600 ## - SUBJECT ADDED ENTRY--PERSONAL NAME
Personal name ढसाळ नामदेव लक्ष्मण
630 ## - SUBJECT ADDED ENTRY--UNIFORM TITLE
Uniform title मी भयंकराच्या दरवाजात उभा आहे !
700 ## - ADDED ENTRY--PERSONAL NAME
Personal name ढसाळ नामदेव लक्ष्मण
730 ## - ADDED ENTRY--UNIFORM TITLE
Uniform title मी भयंकराच्या दरवाजात उभा आहे !
942 ## - ADDED ENTRY ELEMENTS (KOHA)
Koha item type Book
Holdings
Withdrawn status Lost status Damaged status Not for loan Home library Current library Date acquired Cost, normal purchase price Total Checkouts Full call number Barcode Date last seen Cost, replacement price Price effective from Koha item type
        Nagar Wachan Mandir, Thane Nagar Wachan Mandir, Thane   495.00   45466 THNNWM-45466 01/24/2009 495.00 01/24/2009 Book